[Event "Wch Seniors 65 31st"]
[Site "Terassini"]
[Date "2023.10.25"]
[Round "1"]
[White "Stebbings, Anthony"]
[Black "Gambale, Eduardo de Aquino"]
[Result "1-0"]
[WhiteElo "2263"]
[BlackElo "1957"]
[PlyCount "93"]
[EventDate "2023.10.25"]
[EventType "swiss"]
[EventRounds "11"]
[EventCountry "ITA"]
[SourceTitle "Mega2024 Update 01"]
[Source "Chessbase"]
[SourceDate "2023.11.12"]
[SourceVersion "1"]
[SourceVersionDate "2023.11.12"]
[SourceQuality "1"]

1. d4 d5 2. c4 c6 3. Nc3 Nf6 4. e3 e6 5. Nf3 Nbd7 6. Qc2 Be7 7. Bd3 dxc4 8. Bxc4 b5 9. Bd3 Bb7 10. e4 b4 11. Na4 c5 12. Nxc5 Nxc5 13. dxc5 Rc8 14. 0-0 Bxc5 15. Qe2 h6 16. b3 0-0 17. Bb2 Qe7 18. Rad1 Rfd8 19. Bb1 Bb6 20. Ne5 Rxd1 21. Rxd1 Rd8 22. Nc4 Rxd1+ 23. Qxd1 Bc5 24. Qe2 Qd8 25. Kf1 Nh7 26. g3 Nf8 27. h4 f6 28. f4 f5 29. Ke1 fxe4 30. Bxe4 Bxe4 31. Qxe4 Qd5 32. Qe5 Qh1+ 33. Kd2 Qd5+ 34. Qxd5 exd5 35. Ne3 Kf7 36. Nxd5 Bf2 37. g4 Bxh4 38. Nxb4 Ne6 39. f5 Nd8 40. Ke3 g6 41. Ke4 gxf5+ 42. gxf5 h5 43. Bd4 a5 44. Nd3 Nc6 45. Bc3 Bf6 46. Be1 Ke7 47. Nf4 1-0

[Event "BRA-ch Amateur U2000"]
[Site "Sao Paulo"]
[Date "2019.06.22"]
[Round "5"]
[White "Gambale, Eduardo de Aquino"]
[Black "Correa, Jose Augusto"]
[Result "0-1"]
[WhiteElo "1980"]
[BlackElo "1899"]
[PlyCount "55"]
[EventDate "2019.06.20"]
[EventType "swiss"]
[EventRounds "7"]
[EventCountry "BRA"]
[SourceTitle "EXT 2020"]
[Source "ChessBase"]
[SourceDate "2019.10.17"]
[SourceVersion "1"]
[SourceVersionDate "2019.10.17"]
[SourceQuality "1"]

1. e4 c5 2. Nf3 g6 3. Nc3 Bg7 4. d4 cxd4 5. Nxd4 Nc6 6. Be3 Nf6 7. Be2 0-0 8. 0-0 d5 9. Nxc6 bxc6 10. e5 Nd7 11. f4 f6 12. Nxd5 fxe5 13. Nc3 exf4 14. Bxf4 Qb6+ 15. Kh1 Qxb2 16. Bd2 Qa3 17. Rb1 Nc5 18. Rxf8+ Kxf8 19. Bc4 Bd7 20. Qf3+ Bf6 21. Bh6+ Ke8 22. Bd2 Rc8 23. Re1 Kd8 24. Rb1 Be6 25. Bxe6 Nxe6 26. Qd3+ Qd6 27. Qc4 Bxc3 28. Bxc3 0-1

[Event "Caxias do Sul op 12th"]
[Site "Caxias do Sul"]
[Date "2012.03.04"]
[Round "8"]
[White "Da Silva Borges, Rodrigo"]
[Black "Gambale, Eduardo de Aquino"]
[Result "1-0"]
[WhiteElo "2205"]
[BlackElo "1980"]
[PlyCount "32"]
[EventDate "2012.03.03"]
[EventType "swiss (rapid)"]
[EventRounds "9"]
[EventCountry "BRA"]
[SourceTitle "CBM 147 Extra"]
[Source "ChessBase"]
[SourceDate "2012.04.24"]
[SourceVersion "1"]
[SourceVersionDate "2012.04.24"]
[SourceQuality "1"]

1. e4 c5 2. Nf3 Nc6 3. d4 cxd4 4. Nxd4 Nf6 5. Nc3 d6 6. Bg5 Bd7 7. Bxf6 gxf6 8. Nb3 e6 9. Qh5 Qb6 10. Bd3 Ne5 11. 0-0 0-0-0 12. Kh1 Kb8 13. f4 Nxd3 14. cxd3 Be8 15. Rac1 Rc8 16. e5 Qd8 1-0

[Event "BRA-ch Amateur"]
[Site "Goiania"]
[Date "2012.02.21"]
[Round "7"]
[White "De Paula, Rafael Figueiredo"]
[Black "Gambale, Eduardo de Aquino"]
[Result "1-0"]
[WhiteElo "2047"]
[BlackElo "2069"]
[PlyCount "69"]
[EventDate "2012.02.18"]
[EventType "swiss"]
[EventRounds "7"]
[EventCountry "BRA"]
[SourceTitle "CBM 147 Extra"]
[Source "ChessBase"]
[SourceDate "2012.04.24"]
[SourceVersion "1"]
[SourceVersionDate "2012.04.24"]
[SourceQuality "1"]

1. d4 d5 2. c4 c6 3. Nf3 Nf6 4. Nc3 e6 5. Bg5 dxc4 6. e4 b5 7. e5 h6 8. Bh4 g5 9. Nxg5 hxg5 10. Bxg5 Nbd7 11. exf6 Bb7 12. g3 Qb6 13. Bg2 0-0-0 14. 0-0 c5 15. d5 e5 16. d6 Bxg2 17. Kxg2 Bxd6 18. Nxb5 Bb8 19. Nc3 Rdg8 20. h4 Nxf6 21. Qf3 Rg6 22. Na4 Qb7 23. Qxb7+ Kxb7 24. Nxc5+ Kc6 25. Bxf6 Rxf6 26. Ne4 Rg6 27. Kf3 f5 28. Nd2 Kb5 29. Rac1 Rc6 30. b3 c3 31. Nc4 Kb4 32. a3+ Kc5 33. Rxc3 Kd5 34. Rcc1 e4+ 35. Ke2 1-0

[Event "BRA-ch Amateur"]
[Site "Goiania"]
[Date "2012.02.19"]
[Round "3"]
[White "Chaves, Thiago de Melo Neve"]
[Black "Gambale, Eduardo de Aquino"]
[Result "0-1"]
[WhiteElo "1982"]
[BlackElo "2069"]
[PlyCount "68"]
[EventDate "2012.02.18"]
[EventType "swiss"]
[EventRounds "7"]
[EventCountry "BRA"]
[SourceTitle "CBM 147 Extra"]
[Source "ChessBase"]
[SourceDate "2012.04.24"]
[SourceVersion "1"]
[SourceVersionDate "2012.04.24"]
[SourceQuality "1"]

1. Nf3 d5 2. g3 Nf6 3. Bg2 Bf5 4. 0-0 h6 5. d3 e6 6. Nbd2 Bc5 7. Ne1 0-0 8. c3 c6 9. Nc2 e5 10. e4 dxe4 11. Nxe4 Nxe4 12. dxe4 Qxd1 13. Rxd1 Bg4 14. Re1 Nd7 15. Be3 Rad8 16. f3 Be6 17. b3 a5 18. Rad1 a4 19. Bxc5 Nxc5 20. b4 Nd3 21. Re3 Nb2 22. Rxd8 Rxd8 23. f4 Rd2 24. Ne1 exf4 25. gxf4 Bxa2 26. Nf3 Rd3 27. Re2 a3 28. Nd4 Rxc3 29. Nc2 Bc4 30. Rd2 a2 31. Rd8+ Kh7 32. e5 Rxc2 33. Be4+ g6 34. Ra8 Rc1+ 0-1